The Biology of crop productivity / (Record no. 15129)

000 -LEADER
fixed length control field 00398cam a2200157 i 4500
020 ## - INTERNATIONAL STANDARD BOOK NUMBER
ISBN 0121598500
040 ## - CATALOGING SOURCE
Transcribing agency DLC
082 00 - DEWEY DECIMAL CLASSIFICATION NUMBER
Classification number 631 ACA 1980 A055 Or.
245 04 - TITLE STATEMENT
Title The Biology of crop productivity /
260 ## - PUBLICATION, DISTRIBUTION, ETC. (IMPRINT)
Place of publication San Francisco :
Name of publisher Academic Press,
Year of publication 1980.
300 ## - PHYSICAL DESCRIPTION
Number of Pages xvii, 471 p. :
Other physical details ill. ;
Dimensions 24 cm.
650 #0 - SUBJECT ADDED ENTRY--TOPICAL TERM
Topical Term Crop yields.
650 #0 - SUBJECT ADDED ENTRY--TOPICAL TERM
Topical Term Crops
700 1# - ADDED ENTRY--PERSONAL NAME
Personal name Carlson, Peter S.
942 ## - ADDED ENTRY ELEMENTS (KOHA)
Koha item type សៀវភៅភាសាអង់គ្លេស
952 ## - LOCATION AND ITEM INFORMATION (KOHA)
Withdrawn status [LOCAL, KOHA] 0
Holdings
Permanent Location Date acquired Koha item type Lost status Shelving location Barcode Current Location Full call number
Library Block A2017-11-10សៀវភៅភាសាអង់គ្លេស A055A20192Library Block A631 ACA 1980 A055 Or.
មជ្ឈមណ្ឌលឯការនៃសាកលវិទ្យាល័យភូមិន្ទកសិកម្មចំការដូង

Powered by Koha